| 000 | 00387nam a22001337a 4500 | ||
|---|---|---|---|
| 008 | 131210b xxu||||| |||| 00| 0 eng d | ||
| 050 | _aBR65.A91C6 1997 | ||
| 100 |
_aAugustine, Saint _95469 |
||
| 245 |
_aThe Confessions _cSaint Augustine |
||
| 260 |
_aNew York _bNew City Press _c1997 |
||
| 300 |
_a416p. ; _c23cm. |
||
| 650 |
_aTheology _xEarly Church _95470 |
||
| 942 |
_2lcc _cMONOGRAPH _08 |
||
| 999 |
_c119186 _d119186 |
||